000
00332nam a2200145Ia 4500
008
150201s2008 xx 000 0 und d
082
_a
616.01
_b
M08P
100
_a
PELZAR,MJ
245
_a
MICROBIOLOGY
250
_a
5TH
260
_b
TATA MCGRO-HILL
_a
DELHI
_c
2008
300
_a
1-918
650
_a
MICROBIOLOGY
942
_2
ddc
_c
BK
_0
21
999
_c
292
_d
292